City transport in developed and developing countries /

Bibliographic Details
Main Author: Rallis, Tom
Format: Book
Language:English
Published: New York : St. Martin's Press, 1988.
Subjects:

MARC

Tag First Indicator Second Indicator Subfields
LEADER 00000cam a2200000 a 4500
001 in00000029006
005 20151007054757.0
008 861113s1988 nyua b 00110 eng
010 |a  86029789  
020 |a 0312004508 :  |c $25.00 (est.) 
035 |a (OCoLC)14904871 
035 |9 AAB6188AM 
040 |a DLC  |c DLC  |d TXA  |d UtOrBLW 
049 |a TXAM  |c [A11502931] 
050 0 0 |a HE305  |b .R35 1988 
082 0 |a 388.4  |2 19 
100 1 |a Rallis, Tom. 
245 1 0 |a City transport in developed and developing countries /  |c Tom Rallis. 
264 1 |a New York :  |b St. Martin's Press,  |c 1988. 
300 |a xiv, 202 pages :  |b illustrations ;  |c 22 cm. 
336 |a text  |b txt  |2 rdacontent 
337 |a unmediated  |b n  |2 rdamedia 
338 |a volume  |b nc  |2 rdacarrier 
504 |a Bibliography: pages 191-197. 
500 |a Includes index. 
650 0 |a Urban transportation. 
650 0 |a Local transit. 
999 |a MARS 
999 f f |s 549af21a-dce1-3fee-b1be-bdea82382559  |i ba7bbdda-984d-3941-9661-39704c2a1beb  |t 0 
952 f f |p ric  |a Texas A&M University  |b Rellis Campus  |c Joint Library Facility  |d Remote Storage  |t 0  |e HE305 .R35 1988  |h Library of Congress classification  |i unmediated -- volume  |m A14811502931 
998 f f |a HE305 .R35 1988  |t 0  |l Remote Storage